Where Are They From - City #13 - Statistics

General Stats
  • This quiz has been taken 19 times
  • The average score is 5 of 12
Answer Stats
Hint Answer % Correct
Archduke Franz Ferdinand, Helmut Marko, Marisa Mell, Karl Böhm Graz
64%
Eusébio, Teresa Heinz, Mariza, Maria Mutola Maputo
64%
Diego Forlán, José Mujica, Bárbara Mori, Natalia Oreiro Montevideo
64%
Keanu Reeves, Amal Clooney, Steve Kerr, Serj Tankian Beirut
50%
Park Geun-hye, Park Chu-young, Son Ye-jin, Roh Tae-woo Daegu
43%
Donald Tusk, Arthur Schopenhauer, Daniel Gabriel Fahrenheit, Ingrid van Bergen Gdansk
43%
Olivia Newton-John, Richard Attenborough, Charli XCX, Jack Hobbs Cambridge
36%
Drew Brees, Dakota Johnson, Angus T. Jones, Nick Foles Austin
29%
Friedrich Dürrenmatt, Philipp Hildebrand, Luca Hänni, Anna Katarina Bern
29%
Gyanendra Shah, Dichen Lachman, Amrita Acharia, Binod Chaudhary Kathmandu
21%
Gloria Trevi, Giovani dos Santos, Blanca Soto, Ramón Ayala Monterrey
21%
Isla Fisher, Qurram Hussain, Sneha Ullal, Fatma Al-Nabhani Muscat
14%
No matching quizzes found
Score Distribution
Percent of People with Each Score
Percentile by Number Answered
Your Score History
You have not taken this quiz